书目信息 |
| 题名: |
毛泽东十四部书览要
|
|
| 作者: | 胡为雄 著 | |
| 分册: | ||
| 出版信息: | 北京 当代中国出版社 1996 |
|
| 页数: | 456页 | |
| 开本: | 20cm | |
| 丛书名: | ||
| 单 册: | ||
| 中图分类: | A843 , A841 | |
| 科图分类: | ||
| 主题词: | 毛泽东著作--内容提要 | |
| 电子资源: | ||
| ISBN: | 7-80092-508-0 | |
| 000 | 00590nam0 2200217 45 | |
| 001 | 0958894851 | |
| 005 | 20090929160635.57 | |
| 010 | @a7-80092-508-0@dCNY26.00 | |
| 100 | @a19961217d1996 em y0chiy0120 ea | |
| 101 | 0 | @achi |
| 102 | @aCN@b110000 | |
| 105 | @ay d 000yy | |
| 200 | 10 | @a毛泽东十四部书览要@Amao ze dong shi si bu shu lan yao@f胡为雄著 |
| 210 | @a北京@c当代中国出版社@d1996 | |
| 215 | @a456页@d20cm | |
| 606 | 0 | @a毛泽东著作@x内容提要 |
| 690 | @aA843@v3 | |
| 690 | @aA841@v4 | |
| 701 | 0 | @a胡为雄@Ahu wei xiong@4著 |
| 801 | 0 | @aCN@bTSSF@c19970226 |
| 905 | @a10447@dA841@eJY21 | |
| 毛泽东十四部书览要/胡为雄著.-北京:当代中国出版社,1996 |
| 456页;20cm |
| ISBN 7-80092-508-0:CNY26.00 |
| ● |
| 相关链接 |
|
|
|
|
正题名:毛泽东十四部书览要
索取号:A841/JY21
 
预约/预借
| 序号 | 登录号 | 条形码 | 馆藏地/架位号 | 状态 | 备注 |
| 1 | 7804958 | 278049586 | 学院路分馆/ [索取号:A841/JY21] | 在馆 | |
| 2 | 7804959 | 278049595 | 学院路分馆/ [索取号:A841/JY21] | 在馆 | |
| 3 | 7804960 | 278049602 | 学院路分馆/ [索取号:A841/JY21] | 在馆 | |
| 4 | 7804961 | 278049611 | 学院路分馆/ [索取号:A841/JY21] | 在馆 |